000 00471nam a2200169 i 4500
001 128594
003 ES-MaACL
005 20250719063315.0
007 t|
008 070521s1917 xxk ||||1| eng d
100 1 _aTagore, Rabindranath,
_d1861-1941
_9109071
245 1 4 _aThe cycle of spring /
_cRabindranath Tagore.
260 _aLondon :
_bMacmillan,
_c1917.
300 _aVII, 133 p. ;
_c19 cm.
852 _aES-MaACL
_jC-1035
999 _c128594
_d128594